000 00771nam a2200217Ia 4500
003 GCL
008 140319s9999 xx 000 0 ara d
040 _aGCL /
_cGCL
082 0 4 _a001.6424
_bج ب
100 1 _aجوتفريد، بايرون، س
245 1 0 _aنظريات ومسائل فى البرمجة بلغة C /
_cجوتفريد، بايرون، س
700 1 _aسرور على ابراهيم سرور
260 _a[S.N] :
_bالدار الدولية للنشر والتوزيع
300 _a398
490 _aملخصات شوم
_v0
650 0 4 _aالحاسبات الالكترونية
650 0 4 _aبرامج الحاسبات الشخصية
650 0 4 _aسى
650 0 4 _aالحاسبات الالكترونية - برامج
942 _2ddc
_cBK
999 _c52385
_d52385